000 01022cam a22002655i 4500
001 18988098
005 20230210102117.0
008 160224s2016 nyu 000 0 eng
010 _a 2016934311
020 _a9789811001123
040 _aDLC
_beng
_cDLC
_erda
_dDLC
042 _apcc
082 _a340.1
_bLEG
100 1 _aFenwick, Mark.
_9108857
245 1 0 _aLegal certainty in a contemporary context :
_bprivate and criminal law perspectives /
_cMark Fenwick.
263 _a1604
264 1 _aNew York, NY :
_bSpringer Science+Business,
_c2016.
300 _a194 p. ;
_c24 cm.
856 4 2 _3Contributor biographical information
_uhttps://www.loc.gov/catdir/enhancements/fy1615/2016934311-b.html
856 4 2 _3Publisher description
_uhttps://www.loc.gov/catdir/enhancements/fy1615/2016934311-d.html
856 4 1 _3Table of contents only
_uhttps://www.loc.gov/catdir/enhancements/fy1615/2016934311-t.html
906 _a0
_bibc
_corignew
_d2
_eepcn
_f20
_gy-gencatlg
942 _2ddc
_cBK
999 _c593204
_d593204